000 00358 a2200121 4500
001 ART_11734
005 20260410161859.0
008 260409a
245 1 0 _aWelfare effects of tax and price changes
100 1 _aDixit, Avinash
700 1 _aMunk, K. J.
773 0 _tJournal of public economics
_g- Vol. 8, NÂș 1 (ago. 1977)
_wREV11485
999 _c25780
_d25780